000 01577cam a22004095a 4500
999 _c16524
_d16524
001 15219377
003 EG-ScBUE
005 20191218103508.0
006 m||||fq||h 00| 0
008 080314r20132007enka f 000 0 eng d
020 _a9780521619561 (paperback)
020 _a9780521619585
020 _a9780521693769
020 _a9780521619608
040 _aTAC
_beng
_erda
_cTAC
_dTAC
_dEG-ScBUE
_dYDXCP
_dBAKER
_dDLC
_dEG-ScBUE
_dEG-ScBUE
_dEG-ScBUE
082 0 4 _a428.34
_bHEW
_222
100 1 _aHewings, Martin,
_eauthor.
_928426
245 1 0 _aEnglish pronunciation in use :
_badvanced : self study and classroom use /
_cMartin Hewings.
250 _aFifth printing.
264 1 _aCambridge, UK :
_bCambridge University Press,
_c2013.
300 _a192 pages :
_billustrations ;
_c27 cm +
_e1 audio CD
336 _2rdacontent
_atext
_btxt
336 _2rdacontent
_asounds
_bsnd
337 _2rdamedia
_aunmediated
_bn
337 _2rdamedia
_aaudio
_bs
338 _2rdacarrier
_avolume
_bnc
338 _2rdacarrier
_acomputer disc
_bcd
500 _aFirst published 2007.
500 _aSystem requirements for CD-ROM: for Windows 2000XP and MAC OSX (10.3 and 10.4) Version 1.0
590 _ahagermagdy
650 7 _aEnglish language
_xPronunciation
_vProblems, exercises, etc.
_2BUEsh
_929132
650 7 _aEnglish language
_vTextbooks for foreign speakers.
_2BUEsh
_929133
650 7 _aEnglish language
_xSpoken English
_vProblems, exercises, etc.
_2BUEsh
_929134
653 _bHHUUEENN
_cAugust2015
_cOctober2016
_cJuly2019
655 _vReading book
942 _2ddc
_cBB